000 00575nam a2200229Ia 4500
003 OSt
005 20221005124524.0
006 a|||||r|||| 00| 0
007 ta
008 221004b |||||||| |||| 00| 0 eng d
024 _a57974
037 _cTextual
040 _aCRL
_cCRL
_beng
041 _2eng
_aeng
082 _aV2:21wL08, J2
100 _aNuruddin Hussain
_9635362
245 0 _aNajibuddaulah tr by Abdur Rashid
260 _c1952
650 _aHISTORY
942 _hV2:21wL08, J2
_cTEXL
_2cc
999 _c1050741
_d1050741